| 000 | 00476cam a22001934a 4500 | ||
|---|---|---|---|
| 005 | 20250605164301.0 | ||
| 008 | 250528s ||||||||||||||||||||||||d | ||
| 035 | _a22071 | ||
| 020 | _a9789609552134 | ||
| 040 |
_aGR-AtMCL _bgre _dGR-AtMCL _eAACR2 |
||
| 245 | 1 | _aΕΙΣΑΓΩΓΗ ΣΤΗΝ ΨΥΧΟΛΟΓΙΑ ΤΟΜΟΣ Α | |
| 250 | _a1 | ||
| 260 |
_bΠεδίο, _c2011 |
||
| 300 | _a429 | ||
| 700 | 1 |
_aHayes Nicky _987 |
|
| 942 | _cBK | ||
| 999 |
_c7127 _d7127 |
||